[Event "Quebec-ch U16"]
[Site "Montreal CAN"]
[Date "1989.03.05"]
[Round "6"]
[White "Bouchard, Joel"]
[Black "Carrier, Michel"]
[Result "1-0"]
[WhiteElo "1474"]
[BlackElo "1419"]
[PlyCount "41"]
[GameId "2160767912519653"]
[EventDate "1989.03.02"]
[EventType "tourn"]
[EventRounds "7"]
[EventCountry "CAN"]
[SourceTitle "hb 2014"]

1. e4 c5 2. Nf3 d6 3. d4 cxd4 4. Nxd4 Nf6 5. Nc3 a6 6. Be3 e6 7. Be2 Be7 8. Qd2 O-O 9. f3 Re8 10. h4 Qc7 11. g4 Nc6 12. O-O-O d5 13. g5 Nxd4 14. Bxd4 e5 15. Bxe5 Qxe5 16. gxf6 Bxf6 17. f4 Qe6 18. Nxd5 Qd6 19. Qa5 h6 20. Kb1 Kh8 21. Nc7 1-0

[Event "Quebec-ch U16"]
[Site "Montreal CAN"]
[Date "1989.03.05"]
[Round "6"]
[White "Charest, Johanne"]
[Black "Marcil, Alexandre"]
[Result "0-1"]
[WhiteElo "1535"]
[BlackElo "1549"]
[PlyCount "46"]
[GameId "2160767912519654"]
[EventDate "1989.03.02"]
[EventType "tourn"]
[EventRounds "7"]
[EventCountry "CAN"]
[SourceTitle "hb 2014"]

1. e4 e5 2. Nf3 Nc6 3. Bc4 Bc5 4. c3 Nf6 5. d4 exd4 6. cxd4 Bb4+ 7. Bd2 Bxd2+ 8. Nbxd2 d5 9. exd5 Nxd5 10. O-O O-O 11. Re1 Be6 12. Nb3 b6 13. a3 h5 14. Ne5 Nxe5 15. Rxe5 Qd6 16. Qf3 Rad8 17. Rae1 c6 18. Qe4 Nf6 19. Qc2 Bxc4 20. Qxc4 Ng4 21. Rxh5 Rfe8 22. Rf1 Re6 23. h3 Qh2# 0-1

[Event "Quebec-ch U16"]
[Site "Montreal CAN"]
[Date "1989.03.05"]
[Round "6"]
[White "Ramirez, Claudio"]
[Black "Paquette, Denis"]
[Result "1/2-1/2"]
[WhiteElo "1365"]
[BlackElo "1521"]
[PlyCount "35"]
[GameId "2160767912519655"]
[EventDate "1989.03.02"]
[EventType "tourn"]
[EventRounds "7"]
[EventCountry "CAN"]
[SourceTitle "hb 2014"]

1. c4 Nf6 2. Nf3 g6 3. b3 Bg7 4. Bb2 O-O 5. g3 b6 6. Bg2 Bb7 7. O-O d6 8. d4 c5 9. e3 cxd4 10. exd4 d5 11. cxd5 Bxd5 12. Nc3 Bb7 13. Rc1 Nbd7 14. Re1 Rc8 15. Ne5 Bxg2 16. Kxg2 Re8 17. Kg1 a6 18. a3 1/2-1/2

[Event "Quebec-ch U16"]
[Site "Montreal CAN"]
[Date "1989.03.05"]
[Round "6"]
[White "Salko, Nicolas"]
[Black "Nataf, Philippe"]
[Result "1/2-1/2"]
[WhiteElo "1463"]
[BlackElo "1551"]
[PlyCount "89"]
[GameId "2160767912519656"]
[EventDate "1989.03.02"]
[EventType "tourn"]
[EventRounds "7"]
[EventCountry "CAN"]
[SourceTitle "hb 2014"]

1. d4 Nf6 2. c4 c5 3. e3 e6 4. Nc3 d5 5. Nf3 Nc6 6. cxd5 exd5 7. dxc5 Bxc5 8. Be2 O-O 9. O-O Bf5 10. a3 a5 11. Nb5 Re8 12. b3 Qb6 13. Bb2 Rad8 14. Nbd4 Bg4 15. Re1 Re4 16. h3 Bxf3 17. Bxf3 Nxd4 18. Bxe4 Nxb3 19. Bc2 Nxa1 20. Qxa1 Be7 21. Bd4 Qc7 22. Qb1 h6 23. Bb6 Qc3 24. Bxd8 Bxd8 25. a4 Bc7 26. Rf1 Qe5 27. g3 Nh5 28. Qe1 Kf8 29. f4 Qb2 30. Qf2 Qc3 31. Bd1 Bb6 32. Re1 d4 33. Kh2 dxe3 34. Qe2 g6 35. Rf1 Kg8 36. Qf3 Bc7 37. Kg2 Kg7 38. Qe2 Qd4 39. Qf3 b6 40. Kh2 Qc4 41. Qe2 Qc3 42. Qf3 Bd6 43. Qe2 Qa3 44. Kg2 Qc5 45. Kh2 1/2-1/2

[Event "Quebec-ch U16"]
[Site "Montreal CAN"]
[Date "1989.03.05"]
[Round "7"]
[White "Marcil, Alexandre"]
[Black "Salko, Nicolas"]
[Result "1/2-1/2"]
[WhiteElo "1549"]
[BlackElo "1463"]
[PlyCount "71"]
[GameId "2160767912519658"]
[EventDate "1989.03.02"]
[EventType "tourn"]
[EventRounds "7"]
[EventCountry "CAN"]
[SourceTitle "hb 2014"]

1. e4 e5 2. Nf3 Nc6 3. Bc4 Bc5 4. b4 Bxb4 5. c3 Bc5 6. d4 exd4 7. O-O Na5 8. Qa4 Nxc4 9. Qxc4 d6 10. cxd4 Bb6 11. Bg5 f6 12. Bh4 Qe7 13. a4 a6 14. a5 Ba7 15. Nc3 Be6 16. Qb4 c5 17. Qb2 Nh6 18. Na4 cxd4 19. Nxd4 Bf7 20. Nb6 Bxb6 21. Qxb6 O-O 22. f3 d5 23. exd5 Bxd5 24. Rfe1 Qd8 25. Qb4 Re8 26. Bf2 Qd7 27. Nb3 Rxe1+ 28. Rxe1 Qb5 29. Qxb5 axb5 30. Rb1 Bxb3 31. Rxb3 Rxa5 32. Bb6 Ra1+ 33. Kf2 Rd1 34. Rxb5 Rd7 35. Be3 Nf7 36. Bf4 1/2-1/2

[Event "Quebec-ch U16"]
[Site "Montreal CAN"]
[Date "1989.03.05"]
[Round "7"]
[White "Nataf, Philippe"]
[Black "Bouchard, Joel"]
[Result "1-0"]
[WhiteElo "1551"]
[BlackElo "1474"]
[PlyCount "61"]
[GameId "2160767912519659"]
[EventDate "1989.03.02"]
[EventType "tourn"]
[EventRounds "7"]
[EventCountry "CAN"]
[SourceTitle "hb 2014"]

1. e4 c5 2. f4 d6 3. Nf3 Nc6 4. c3 Bg4 5. h3 Bxf3 6. Qxf3 a6 7. Be2 e6 8. O-O Be7 9. d3 b5 10. e5 d5 11. Be3 Qc7 12. d4 cxd4 13. cxd4 Na5 14. f5 Qc6 15. Nc3 Nc4 16. fxe6 Qxe6 17. Nxd5 Rc8 18. Bxc4 bxc4 19. Rac1 f6 20. Nf4 Qf5 21. g4 Qd7 22. e6 Qc6 23. d5 Qb7 24. g5 Qxb2 25. Qh5+ Kd8 26. Rb1 Qe5 27. Rfe1 Qxg5+ 28. Kh1 Bd6 29. e7+ Kd7 30. Rb7+ Rc7 31. e8=Q# 1-0

[Event "Quebec-ch U20"]
[Site "Montreal CAN"]
[Date "1989.03.02"]
[Round "1"]
[White "Gagnon, Serge"]
[Black "Tremblay, Rejean"]
[Result "0-1"]
[WhiteElo "1807"]
[BlackElo "2095"]
[PlyCount "40"]
[GameId "2160767912519662"]
[EventDate "1989.03.02"]
[EventType "tourn"]
[EventRounds "7"]
[EventCountry "CAN"]
[SourceTitle "hb 2014"]

1. d4 Nf6 2. c4 g6 3. Nc3 Bg7 4. e4 d6 5. f3 O-O 6. Be3 Nbd7 7. Qd2 c5 8. d5 Ne5 9. O-O-O a6 10. h3 b5 11. cxb5 axb5 12. Bxb5 Ba6 13. Qe2 Bxb5 14. Qxb5 Qc7 15. f4 Rfb8 16. Qe2 Ned7 17. Nf3 Nxe4 18. Nxe4 Rxa2 19. Qc4 Rbxb2 20. Bd4 Qb6 0-1

[Event "Quebec-ch U20"]
[Site "Montreal CAN"]
[Date "1989.03.02"]
[Round "1"]
[White "Wenaas, Eric"]
[Black "Cazelais, Marc"]
[Result "0-1"]
[WhiteElo "1689"]
[BlackElo "2003"]
[PlyCount "80"]
[GameId "2160767912519664"]
[EventDate "1989.03.02"]
[EventType "tourn"]
[EventRounds "7"]
[EventCountry "CAN"]
[SourceTitle "hb 2014"]

1. f4 Nf6 2. Nf3 g6 3. e3 Bg7 4. Be2 c5 5. O-O Nc6 6. d3 d5 7. Nc3 O-O 8. Ne5 Qc7 9. d4 Bf5 10. g4 Be4 11. g5 Nd7 12. Nxe4 dxe4 13. c3 Rad8 14. Qe1 cxd4 15. exd4 Ndxe5 16. fxe5 Qb6 17. Qf2 f6 18. gxf6 exf6 19. exf6 Rxf6 20. Qg2 Rxf1+ 21. Bxf1 Re8 22. Bc4+ Kh8 23. Be3 Qc7 24. Bb3 Na5 25. Bd5 Nc4 26. Re1 Nxe3 27. Rxe3 Bxd4 28. Qe2 Bxe3+ 29. Qxe3 Qb6 30. Qxb6 axb6 31. Bxb7 Kg7 32. Kf2 e3+ 33. Ke2 Kf6 34. a4 Re7 35. Bc6 Kf5 36. b4 Rc7 37. b5 Ra7 38. Kxe3 Rxa4 39. Kd3 Rh4 40. c4 Ke5 0-1

[Event "Quebec-ch U20"]
[Site "Montreal CAN"]
[Date "1989.03.03"]
[Round "2"]
[White "Cazelais, Marc"]
[Black "Gagnon, Serge"]
[Result "1-0"]
[WhiteElo "2003"]
[BlackElo "1807"]
[PlyCount "77"]
[GameId "2160767912519665"]
[EventDate "1989.03.02"]
[EventType "tourn"]
[EventRounds "7"]
[EventCountry "CAN"]
[SourceTitle "hb 2014"]

1. e4 d6 2. d4 Nf6 3. f3 Nbd7 4. Be3 e5 5. d5 c5 6. Qd2 Be7 7. Nc3 O-O 8. Nge2 a6 9. g4 b5 10. Ng3 Nb6 11. Nf5 Bxf5 12. gxf5 Nh5 13. Nd1 Bh4+ 14. Nf2 g5 15. O-O-O Bxf2 16. Qxf2 Nf4 17. h4 f6 18. hxg5 fxg5 19. Qh2 Ra7 20. Be2 Rg7 21. Rdg1 Rff7 22. Bf1 Qf6 23. Qh6 Nd7 24. Qh2 Nf8 25. Qd2 Qd8 26. Rh6 Kh8 27. Kb1 Kg8 28. Qc3 Kh8 29. Qa3 Ra7 30. Rxd6 Qxd6 31. Bxc5 Qd8 32. Bxf8 Rgd7 33. Bh6 Nxd5 34. exd5 Rxd5 35. Bd3 b4 36. Qxb4 a5 37. Qa3 Rf7 38. Bxg5 Qb6 39. Rc1 1-0

[Event "Quebec-ch U20"]
[Site "Montreal CAN"]
[Date "1989.03.03"]
[Round "2"]
[White "Glass, Martin"]
[Black "Wenaas, Eric"]
[Result "1/2-1/2"]
[WhiteElo "1645"]
[BlackElo "1689"]
[PlyCount "35"]
[GameId "2160767912519667"]
[EventDate "1989.03.02"]
[EventType "tourn"]
[EventRounds "7"]
[EventCountry "CAN"]
[SourceTitle "hb 2014"]

1. c4 Nf6 2. Nc3 g6 3. Nf3 Bg7 4. e4 d6 5. d4 O-O 6. Be2 e5 7. dxe5 dxe5 8. Qxd8 Rxd8 9. Bg5 Re8 10. Rd1 Bg4 11. O-O Nbd7 12. h3 Bxf3 13. Bxf3 c6 14. Rd6 Bf8 15. Rd2 Be7 16. Rfd1 Rad8 17. Bg4 Nc5 18. Rxd8 1/2-1/2

[Event "Quebec-ch U20"]
[Site "Montreal CAN"]
[Date "1989.03.03"]
[Round "3"]
[White "Gagnon, Serge"]
[Black "Glass, Martin"]
[Result "1/2-1/2"]
[WhiteElo "1807"]
[BlackElo "1645"]
[PlyCount "65"]
[GameId "2160767912519669"]
[EventDate "1989.03.02"]
[EventType "tourn"]
[EventRounds "7"]
[EventCountry "CAN"]
[SourceTitle "hb 2014"]

1. g3 Nf6 2. Bg2 g6 3. d3 d5 4. Nf3 Bg7 5. O-O O-O 6. c3 c6 7. Qc2 Nbd7 8. e4 dxe4 9. dxe4 Qc7 10. Be3 e5 11. Nbd2 Nb6 12. h3 h6 13. c4 Be6 14. c5 Nbd7 15. Rfd1 Rfd8 16. Nc4 Bxc4 17. Qxc4 Nf8 18. Qc2 Ne6 19. Nd2 Nd4 20. Bxd4 Rxd4 21. Nb3 Rxd1+ 22. Rxd1 Rd8 23. Kf1 Kf8 24. Ke2 Ke7 25. Rxd8 Kxd8 26. Qd3+ Qd7 27. Na5 Qxd3+ 28. Kxd3 Kc7 29. Nc4 Ne8 30. Bf3 b6 31. cxb6+ axb6 32. Bd1 Nd6 33. Nxd6 1/2-1/2

[Event "Quebec-ch U20"]
[Site "Montreal CAN"]
[Date "1989.03.03"]
[Round "3"]
[White "Tremblay, Rejean"]
[Black "Cazelais, Marc"]
[Result "1-0"]
[WhiteElo "2095"]
[BlackElo "2003"]
[PlyCount "105"]
[GameId "2160767912519671"]
[EventDate "1989.03.02"]
[EventType "tourn"]
[EventRounds "7"]
[EventCountry "CAN"]
[SourceTitle "hb 2014"]

1. d4 Nf6 2. c4 g6 3. Nf3 Bg7 4. g3 O-O 5. Bg2 d6 6. O-O Nbd7 7. Nc3 e5 8. e4 exd4 9. Nxd4 Re8 10. h3 c6 11. Rb1 Nc5 12. Re1 a5 13. b3 Nfd7 14. f4 Nf8 15. Be3 Qc7 16. Qd2 Bd7 17. Rbd1 Rad8 18. Rf1 f5 19. exf5 gxf5 20. Rfe1 Re7 21. Ndb5 Bxc3 22. Nxc3 Be8 23. Bd4 Rxe1+ 24. Rxe1 Bg6 25. Nd1 Re8 26. Rxe8 Bxe8 27. Bc3 b6 28. Qd4 Ng6 29. Ne3 Ne6 30. Qf6 Ng7 31. Qxg7+ Qxg7 32. Bxg7 Kxg7 33. Nxf5+ Kf6 34. Nxd6 Bd7 35. Kf2 Nf8 36. Ke3 Ne6 37. h4 b5 38. cxb5 cxb5 39. a3 b4 40. axb4 axb4 41. Ne4+ Ke7 42. Bh3 h5 43. Bxe6 Bxe6 44. Nc5 Bf5 45. Nd3 Be6 46. Nxb4 Bxb3 47. Ke4 Ke6 48. f5+ Kf6 49. Kf4 Bc4 50. Nc2 Bd3 51. Ne3 Bb1 52. Nd5+ Kf7 53. Kg5 1-0

[Event "Quebec-ch U20"]
[Site "Montreal CAN"]
[Date "1989.03.04"]
[Round "4"]
[White "Glass, Martin"]
[Black "Tremblay, Rejean"]
[Result "0-1"]
[WhiteElo "1645"]
[BlackElo "2095"]
[PlyCount "140"]
[GameId "2160767912519674"]
[EventDate "1989.03.02"]
[EventType "tourn"]
[EventRounds "7"]
[EventCountry "CAN"]
[SourceTitle "hb 2014"]

1. c4 Nf6 2. Nc3 g6 3. g3 Bg7 4. Bg2 O-O 5. e3 d6 6. Nge2 Nbd7 7. O-O e5 8. d4 c6 9. b3 Re8 10. h3 e4 11. Ba3 Qe7 12. Qc2 h5 13. Rad1 Nf8 14. d5 c5 15. Bb2 Bf5 16. Nb1 N8h7 17. h4 Bh6 18. Qc3 Bg4 19. Rde1 Qd7 20. Nd2 Qf5 21. Nf4 Re7 22. f3 exf3 23. Bxf3 Bxf3 24. Rxf3 Qg4 25. Kg2 Bg7 26. Nh3 Ne8 27. Qc2 Bxb2 28. Qxb2 Ng7 29. Rf4 Qd7 30. Re4 Rae8 31. Rxe7 Qxe7 32. e4 g5 33. Nxg5 Nxg5 34. hxg5 Qxg5 35. Nf3 Qg4 36. Qc2 f5 37. Nh2 Qg5 38. Nf3 Qf6 39. exf5 Rxe1 40. Nxe1 Nxf5 41. Qe2 Qg6 42. Qe6+ Qxe6 43. dxe6 Nd4 44. Kh3 Nxe6 45. Kh4 Ng7 46. g4 hxg4 47. Kxg4 Kf7 48. Kf4 Ke6 49. Ke4 Ne8 50. Nf3 Nf6+ 51. Kd3 Kd7 52. a3 Ng4 53. Kc3 Ke6 54. b4 Ne5 55. Nh4 Kd7 56. Ng2 Ng6 57. Ne3 Nf4 58. Nf5 b6 59. Ng7 Ne2+ 60. Kd3 Ng3 61. Ke3 Ke7 62. b5 Kf7 63. Kf3 Nf1 64. Ke2 Kxg7 65. Kxf1 Kf6 66. Kf2 Ke5 67. Ke3 d5 68. cxd5 Kxd5 69. Kd3 c4+ 70. Kc3 Kc5 0-1

[Event "Quebec-ch U20"]
[Site "Montreal CAN"]
[Date "1989.03.04"]
[Round "4"]
[White "Lavoie, Denis"]
[Black "Wenaas, Eric"]
[Result "0-1"]
[WhiteElo "1658"]
[BlackElo "1689"]
[PlyCount "30"]
[GameId "2160767912519675"]
[EventDate "1989.03.02"]
[EventType "tourn"]
[EventRounds "7"]
[EventCountry "CAN"]
[SourceTitle "hb 2014"]

1. d4 Nf6 2. c4 c5 3. d5 b5 4. cxb5 a6 5. e3 Bb7 6. Nc3 Qa5 7. Bd2 axb5 8. Bxb5 Qb6 9. Bc4 e6 10. e4 Nxe4 11. Bb3 c4 12. Nxe4 cxb3 13. a3 Bxd5 14. Qe2 Qd4 15. Rc1 Qxe4 0-1

[Event "Quebec-ch U20"]
[Site "Montreal CAN"]
[Date "1989.03.04"]
[Round "5"]
[White "Cazelais, Marc"]
[Black "Glass, Martin"]
[Result "1-0"]
[WhiteElo "2003"]
[BlackElo "1645"]
[PlyCount "47"]
[GameId "2160767912519677"]
[EventDate "1989.03.02"]
[EventType "tourn"]
[EventRounds "7"]
[EventCountry "CAN"]
[SourceTitle "hb 2014"]

1. e4 c6 2. d4 d5 3. exd5 cxd5 4. c4 Nf6 5. Nc3 e6 6. Nf3 Be7 7. c5 b6 8. b4 a5 9. Na4 Nfd7 10. Bb5 O-O 11. Bf4 bxc5 12. bxc5 Ba6 13. Bxa6 Rxa6 14. O-O Nc6 15. Rb1 Qc8 16. a3 Re8 17. Qd3 Bf6 18. Bd6 Be7 19. Bg3 Bf6 20. Rb3 Qa8 21. Rfb1 e5 22. Qf5 e4 23. Qxd7 exf3 24. Rb8 1-0

[Event "Quebec-ch U20"]
[Site "Montreal CAN"]
[Date "1989.03.04"]
[Round "5"]
[White "Gagnon, Serge"]
[Black "Lavoie, Denis"]
[Result "1-0"]
[WhiteElo "1807"]
[BlackElo "1658"]
[PlyCount "31"]
[GameId "2160767912519678"]
[EventDate "1989.03.02"]
[EventType "tourn"]
[EventRounds "7"]
[EventCountry "CAN"]
[SourceTitle "hb 2014"]

1. d4 d5 2. c4 c6 3. Nf3 Nf6 4. Nc3 dxc4 5. a4 Bf5 6. Bg5 Ne4 7. e3 Qa5 8. Rc1 Nxc3 9. bxc3 Bg4 10. Bf4 b5 11. Be2 e6 12. Qc2 Qd8 13. O-O Bd6 14. Bxd6 Qxd6 15. axb5 cxb5 16. Qe4 1-0

[Event "Quebec-ch U20"]
[Site "Montreal CAN"]
[Date "1989.03.05"]
[Round "6"]
[White "Lavoie, Denis"]
[Black "Tremblay, Rejean"]
[Result "0-1"]
[WhiteElo "1658"]
[BlackElo "2095"]
[PlyCount "100"]
[GameId "2160767912519681"]
[EventDate "1989.03.02"]
[EventType "tourn"]
[EventRounds "7"]
[EventCountry "CAN"]
[SourceTitle "hb 2014"]

1. d4 Nf6 2. c4 g6 3. Nc3 Bg7 4. g3 O-O 5. Bg2 d6 6. Nf3 Nc6 7. O-O Bf5 8. Re1 Ne4 9. e3 Nxc3 10. bxc3 Be4 11. Nd2 Bxg2 12. Kxg2 Na5 13. Qe2 c5 14. Nb3 Rc8 15. Nd2 Qc7 16. Rb1 b6 17. Nb3 Qc6+ 18. Kg1 Qa4 19. Nxa5 Qxa5 20. Rb5 Qa4 21. a3 Rc7 22. Qd3 Rfc8 23. d5 Rb7 24. e4 a6 25. Rb1 Rcb8 26. Bd2 b5 27. cxb5 Rxb5 28. Rxb5 Rxb5 29. Rb1 c4 30. Rxb5 axb5 31. Qb1 Qb3 32. Qc1 Bf6 33. Kf1 Kf8 34. f3 Ke8 35. Ke2 Kd7 36. Ke1 e6 37. Ke2 exd5 38. exd5 Kc7 39. f4 Qa4 40. Kf3 Qa8 41. Ke4 Bd8 42. Be3 f5+ 43. Kf3 Qxd5+ 44. Kf2 Bf6 45. Qd2 Qxd2+ 46. Bxd2 d5 47. Ke2 Kb6 48. Kd1 Ka5 49. Kc2 Ka4 50. Kb2 Be7 0-1

[Event "Quebec-ch U20"]
[Site "Montreal CAN"]
[Date "1989.03.05"]
[Round "6"]
[White "Wenaas, Eric"]
[Black "Gagnon, Serge"]
[Result "1-0"]
[WhiteElo "1689"]
[BlackElo "1807"]
[PlyCount "95"]
[GameId "2160767912519683"]
[EventDate "1989.03.02"]
[EventType "tourn"]
[EventRounds "7"]
[EventCountry "CAN"]
[SourceTitle "hb 2014"]

1. d4 g6 2. c4 Bg7 3. Nc3 d6 4. e4 Nc6 5. Nf3 Bg4 6. Be3 e5 7. dxe5 dxe5 8. Qxd8+ Rxd8 9. Nd5 Kd7 10. Be2 Bxf3 11. Bxf3 Kc8 12. O-O f5 13. g3 Nf6 14. Nxf6 Bxf6 15. exf5 gxf5 16. Bxc6 bxc6 17. Rfd1 a6 18. Rab1 Rxd1+ 19. Rxd1 Rd8 20. Rxd8+ Kxd8 21. Kg2 Kd7 22. b3 Ke6 23. Kf3 Be7 24. Ke2 Bd6 25. Kd3 f4 26. Bd2 Kf5 27. f3 Bc5 28. g4+ Ke6 29. Bc3 Be7 30. Ke4 Bf6 31. Be1 Be7 32. h4 Bf6 33. g5 Bg7 34. Ba5 Kd6 35. Kf5 c5 36. h5 c6 37. Bd8 Kd7 38. Bf6 Bxf6 39. gxf6 e4 40. Kxe4 Ke6 41. Kxf4 Kxf6 42. Kg4 h6 43. Kf4 Ke6 44. Ke4 Kf6 45. f4 Ke6 46. f5+ Kd6 47. Kf4 a5 48. Ke4 1-0

[Event "Quebec-ch U20"]
[Site "Montreal CAN"]
[Date "1989.03.05"]
[Round "7"]
[White "Cazelais, Marc"]
[Black "Lavoie, Denis"]
[Result "1-0"]
[WhiteElo "2003"]
[BlackElo "1658"]
[PlyCount "47"]
[GameId "2160767912519685"]
[EventDate "1989.03.02"]
[EventType "tourn"]
[EventRounds "7"]
[EventCountry "CAN"]
[SourceTitle "hb 2014"]

1. e4 c5 2. Nc3 d6 3. f4 g6 4. Nf3 Bg7 5. g3 e6 6. Bg2 Ne7 7. O-O O-O 8. d3 Nbc6 9. Be3 Rb8 10. Qd2 b5 11. d4 cxd4 12. Nxd4 a6 13. Nxc6 Nxc6 14. Rad1 b4 15. Na4 Qa5 16. b3 Rd8 17. Qf2 Qb5 18. e5 d5 19. g4 Ne7 20. Bc5 Qd7 21. Qh4 Re8 22. Rd3 Bb7 23. Rh3 h6 24. Bd6 1-0

[Event "Quebec-ch U20"]
[Site "Montreal CAN"]
[Date "1989.03.05"]
[Round "7"]
[White "Tremblay, Rejean"]
[Black "Wenaas, Eric"]
[Result "1-0"]
[WhiteElo "2095"]
[BlackElo "1689"]
[PlyCount "40"]
[GameId "2160767912519688"]
[EventDate "1989.03.02"]
[EventType "tourn"]
[EventRounds "7"]
[EventCountry "CAN"]
[SourceTitle "hb 2014"]

1. d4 Nf6 2. c4 c5 3. Nf3 cxd4 4. Nxd4 e5 5. Nb5 d5 6. cxd5 Bc5 7. e3 O-O 8. N5c3 Bf5 9. Be2 e4 10. a3 Re8 11. b4 Bb6 12. Bb2 Nbd7 13. g4 Nxg4 14. Bxg4 Bxe3 15. Bxf5 Bxf2+ 16. Kxf2 Qh4+ 17. Kg2 Qg5+ 18. Qg4 Nf6 19. Qxg5 Nxd5 20. Nxd5 e3 1-0

[Event "Quebec-ch intercoll."]
[Site "Valleyfield CAN"]
[Date "1989.03.24"]
[Round "2"]
[White "Belanger, Denis"]
[Black "Poitras, Luc"]
[Result "1/2-1/2"]
[WhiteElo "1748"]
[BlackElo "2088"]
[PlyCount "89"]
[GameId "2160767912519583"]
[EventDate "1989.03.24"]
[EventType "swiss"]
[EventRounds "6"]
[EventCountry "CAN"]
[SourceTitle "hb 2013"]

1. d4 Nf6 2. Bg5 d5 3. Nc3 Bf5 4. e3 e6 5. Nf3 h6 6. Bh4 Be7 7. Bb5+ c6 8. Bd3 Bxd3 9. cxd3 Nbd7 10. O-O O-O 11. Qe2 Re8 12. Ne5 Nxe5 13. dxe5 Nd7 14. Bxe7 Qxe7 15. f4 f6 16. d4 f5 17. Qh5 Kh7 18. Rf2 Rg8 19. Kh1 g6 20. Qd1 g5 21. g3 gxf4 22. exf4 Rg4 23. Qb3 Nb6 24. a4 Rb8 25. Nd1 Nd7 26. Ne3 Rg7 27. Rg1 b6 28. Qd3 Rbg8 29. Rd1 c5 30. Nc2 cxd4 31. Nxd4 Nc5 32. Qa3 Ne4 33. Rf3 Qxa3 34. bxa3 Re8 35. Rc1 Nd2 36. Rfc3 Nc4 37. Kg2 Rd7 38. Kf3 h5 39. R1c2 Kg6 40. Ke2 Kf7 41. Nf3 Ke7 42. Nd2 Na5 43. Kd3 Rh8 44. Nf3 Nb7 45. Kd4 1/2-1/2

[Event "Quebec-ch intercoll."]
[Site "Valleyfield CAN"]
[Date "1989.03.24"]
[Round "2"]
[White "Desjardins, Andre"]
[Black "Lemieux, Pierre"]
[Result "1/2-1/2"]
[WhiteElo "1922"]
[BlackElo "1767"]
[PlyCount "116"]
[GameId "2160767912519585"]
[EventDate "1989.03.24"]
[EventType "swiss"]
[EventRounds "6"]
[EventCountry "CAN"]
[SourceTitle "hb 2013"]

1. c4 e5 2. Nc3 f5 3. e4 d6 4. d3 Nf6 5. Be2 Nc6 6. Nf3 Ne7 7. Bg5 Ng6 8. Nd5 c6 9. Nxf6+ gxf6 10. Bd2 Be6 11. Qc2 h5 12. O-O-O Bh6 13. Bxh6 Rxh6 14. d4 fxe4 15. Qxe4 d5 16. Qe3 Nf4 17. dxe5 Nxe2+ 18. Qxe2 Qe7 19. Nd4 O-O-O 20. Qe3 Rg6 21. exf6 Qxf6 22. Nxe6 Qxe6 23. Qxe6+ Rxe6 24. cxd5 Re2 25. dxc6 Rxd1+ 26. Rxd1 bxc6 27. Rd2 Re1+ 28. Kc2 Rh1 29. h3 Rg1 30. f3 Kc7 31. Kd3 Kd6 32. Ke4+ Ke6 33. Kf4 Re1 34. g4 hxg4 35. hxg4 Re5 36. Rc2 c5 37. b4 cxb4 38. Rc6+ Kd5 39. Rc5+ Kxc5 40. Kxe5 a5 41. g5 a4 42. g6 b3 43. axb3 a3 44. g7 a2 45. g8=Q a1=Q+ 46. Kf5 Qb1+ 47. Kf6 Qb2+ 48. Ke7 Qe2+ 49. Qe6 Qxf3 50. Qc4+ Kb6 51. Qb4+ Kc6 52. Qc4+ Kb6 53. Kd6 Qd1+ 54. Ke6 Qe1+ 55. Kd7 Qd2+ 56. Ke6 Qe1+ 57. Kf5 Qe7 58. Kg4 Qc5 1/2-1/2

[Event "Quebec-ch intercoll."]
[Site "Valleyfield CAN"]
[Date "1989.03.24"]
[Round "2"]
[White "Dupuis, Stephane"]
[Black "De Jonge, Arie"]
[Result "1-0"]
[WhiteElo "2117"]
[BlackElo "1754"]
[PlyCount "55"]
[GameId "2160767912519586"]
[EventDate "1989.03.24"]
[EventType "swiss"]
[EventRounds "6"]
[EventCountry "CAN"]
[SourceTitle "hb 2013"]

1. e4 Nf6 2. e5 Nd5 3. d4 d6 4. Nf3 g6 5. Bc4 Nb6 6. Bb3 Bg7 7. Ng5 d5 8. f4 f6 9. Nf3 Nc6 10. O-O Bg4 11. c3 Qd7 12. a4 a5 13. Nbd2 O-O-O 14. Bc2 g5 15. Nb3 e6 16. exf6 Bxf6 17. Nc5 Qg7 18. fxg5 Be7 19. Nd3 Bxg5 20. Bxg5 Bxf3 21. Qxf3 Qxg5 22. Nc5 Rde8 23. Qh3 Kb8 24. Nxe6 Rxe6 25. Qxe6 Rg8 26. Rf2 Nc4 27. Raf1 Ne3 28. Qxg8+ 1-0

[Event "Quebec-ch intercoll."]
[Site "Valleyfield CAN"]
[Date "1989.03.25"]
[Round "3"]
[White "Nault, Charles"]
[Black "Dumouchel, Alain"]
[Result "1-0"]
[WhiteElo "1803"]
[BlackElo "1826"]
[PlyCount "85"]
[GameId "2160767912519587"]
[EventDate "1989.03.24"]
[EventType "swiss"]
[EventRounds "6"]
[EventCountry "CAN"]
[SourceTitle "hb 2013"]

1. e4 e5 2. f4 d5 3. exd5 exf4 4. Nf3 Ne7 5. Bc4 Ng6 6. O-O Be7 7. d4 O-O 8. Nc3 Nd7 9. Ne2 Nb6 10. Qd3 Qd6 11. Bb3 c6 12. c4 c5 13. Bc2 f5 14. b3 Bf6 15. Ba3 Nd7 16. Rae1 b5 17. cxb5 a6 18. dxc5 Nxc5 19. Qc4 Be7 20. Ned4 axb5 21. Nxb5 Qb6 22. Nfd4 Be6 23. Bxc5 Bxc5 24. dxe6 Ne7 25. a4 Rfd8 26. Rd1 Rac8 27. Qd3 Rd5 28. Kh1 Nc6 29. Qc4 Ne7 30. Nxf5 Nxf5 31. Qxd5 Ne3 32. Qe4 g6 33. Bd3 Be7 34. Bc4 Qc5 35. Qxf4 Nxd1 36. Rxd1 Rf8 37. Qc7 Qh5 38. Rf1 Rxf1+ 39. Bxf1 Qf5 40. Qc4 Kg7 41. h3 Bc5 42. Qe2 Kh6 43. Nd4 1-0

[Event "Quebec-ch intercoll."]
[Site "Valleyfield CAN"]
[Date "1989.03.25"]
[Round "4"]
[White "Bouchard, Jean-Marc"]
[Black "Poitras, Luc"]
[Result "0-1"]
[WhiteElo "1704"]
[BlackElo "2088"]
[PlyCount "136"]
[GameId "2160767912519589"]
[EventDate "1989.03.24"]
[EventType "swiss"]
[EventRounds "6"]
[EventCountry "CAN"]
[SourceTitle "hb 2013"]

1. e4 d6 2. d4 Nf6 3. Nc3 g6 4. Nf3 Bg7 5. Be2 O-O 6. O-O Nbd7 7. h3 e5 8. dxe5 dxe5 9. Be3 Qe7 10. Bc4 c6 11. Qe2 h6 12. Rad1 Nc5 13. Bxc5 Qxc5 14. Rd2 Nh5 15. Rfd1 Nf4 16. Qf1 Qb4 17. Bb3 Be6 18. Kh2 Qb6 19. Ne2 Bxb3 20. axb3 Rad8 21. g3 Ne6 22. Nc1 Rxd2 23. Rxd2 Rd8 24. Rxd8+ Qxd8 25. Qd3 Qxd3 26. Nxd3 f6 27. b4 Kf7 28. Kg2 Bf8 29. Kf1 b6 30. Ke2 h5 31. h4 Bd6 32. c4 Nd8 33. Nd2 Nb7 34. Nb3 Ke6 35. f4 Bf8 36. Kf3 Nd6 37. Nd2 Bh6 38. b3 Bg7 39. Ke3 Bh6 40. Kf3 Bg7 41. Ke3 Bf8 42. Kf3 Nb7 43. Ke3 a6 44. Kf3 c5 45. bxc5 Nxc5 46. Nxc5+ Bxc5 47. Nf1 exf4 48. gxf4 Bb4 49. Ne3 Be1 50. Ng2 Bc3 51. Ne3 Kd6 52. Ke2 Bd4 53. Nd5 a5 54. Kd3 Bf2 55. Nxf6 Bxh4 56. Nd5 Bd8 57. e5+ Ke6 58. Ke4 h4 59. Kf3 b5 60. Ne3 a4 61. cxb5 axb3 62. Nd1 Kd5 63. Kg4 Kc5 64. Nc3 Kc4 65. Ne4 Kxb5 66. e6 Kc6 67. Nd2 b2 68. Kh3 Kd5 0-1

[Event "Quebec-ch intercoll."]
[Site "Valleyfield CAN"]
[Date "1989.03.25"]
[Round "4"]
[White "Dupuis, Stephane"]
[Black "Nault, Charles"]
[Result "1/2-1/2"]
[WhiteElo "2107"]
[BlackElo "1803"]
[PlyCount "30"]
[GameId "2160767912519590"]
[EventDate "1989.03.24"]
[EventType "swiss"]
[EventRounds "6"]
[EventCountry "CAN"]
[SourceTitle "hb 2013"]

1. e4 e5 2. Nf3 Nc6 3. Bb5 a6 4. Ba4 Nf6 5. O-O Be7 6. Re1 b5 7. Bb3 O-O 8. a4 Bb7 9. c3 d5 10. exd5 Nxd5 11. Na3 Nb6 12. axb5 axb5 13. Rb1 b4 14. Nc4 Nxc4 15. Bxc4 Bd6 1/2-1/2